Z-Moves Used by Ash's Pokémon - Statistics

General Stats
  • This quiz has been taken 29 times
  • The average score is 10 of 11
Answer Stats
Used By Z-Crystal Answer % Correct
Incineroar Firium Z Inferno Overdrive
96%
Pikachu Normalium Z Breakneck Blitz
92%
Lycanroc Normalium Z Breakneck Blitz
92%
Incineroar Normalium Z Breakneck Blitz
92%
Lycanroc Rockium Z Continental Crush
92%
Pikachu Electrium Z Gigavolt Havoc
92%
Naganadel Electrium Z Gigavolt Havoc
92%
Pikachu Pikashunium Z 10,000,000 Volt Thunderbolt
88%
Rowlet Grassium Z Bloom Doom
88%
Pikachu Steelium Z Corkscrew Crash
75%
Lycanroc Lycanium Z Splintered Stormshards
75%
No matching quizzes found
Score Distribution
Percent of People with Each Score
Percentile by Number Answered
Your Score History
You have not taken this quiz